00414 a2200157 4500001000700000020001800007040002200025041001600047082002400063100003000087245008000117250000900197260002900206300000800235362001300243130785 a85-224-1746-6 cLeonardo Da Vinci aPortuguês a657.15 P138cbP138c aPADOVEZE, Clóvis Luís aContabilidade Gerencialbum enfoque em sistema de informação contábil a2.ed bAtlasc1997aSão Paulo a414 a19970000